000
00318nam a2200121Ia 4500
008
190216s9999||||xx |||||||||||||| ||und||
100
_a
Stanley C Glassey
245
4
_a
The Groundwork Of English Composition
260
_b
Oxford University Press
_c
1964
300
_a
304p
650
_a
English Literature
942
_c
BK
999
_c
12351
_d
12351